000 00708nam a22002297a 4500
003 OSt
005 20180116183001.0
008 150112b xxu||||| |||| 00| 0 eng d
020 _a9781784151249
040 _a0
_c0
082 _a658.15 CIMA 2014
100 _aCIMA
110 _aKaplan Financial Limited
245 _aProject and Relationship Management
_bCIMA Official Study Text Paper E2 (2vol Set)
_cKaplan Financial Limited
260 _aUK
_bKaplan Publishing UK
_c2014
300 _a642p.
_bPB
440 _aProject and Relationship Management
600 _aProject and Relationship Management
610 _aKaplan Financial Limited
710 _aKaplan Financial Limited
942 _2ddc
_cBK
999 _c349848
_d349848